00762nam a2200193 i 450000100060000000300090000600500170001500700030003200800410003510000260007624501700010226000380027230000300031060000400034070000300038085200210041099900170043195201200044889698ES-MaACL20230906180241.0t|050112s1932 xxk ||||1| eng d1 aLawrence, Ada.97074110aYoung Lorenzo b: early life of D.H. Lawrence containing hitherto unpublished letters, articles and reproductions of pictures / cby Ada Lawrence & G. Stuart Gelder. aLondon : bMartin Secker, c1932. a218 p. : bil. ; c19 cm.14aLawrence, D.H. (d1885-1930)9707431 aGelder, G. Stuart.956247 aES-MaACLjA-2861 c89698d89698 00104070aATENEOMbATENEOMcSPP1d2008-01-17eSCl0oA-2861p1093679r2023-02-23 00:00:00w2023-02-23yMONOGRAFIA